Countries Donald Trump has visited - Statistics

General Stats
  • This quiz has been taken 477 times
    112 since last reset
  • The average score is 21 of 30
Answer Stats
Continent Country % Correct
Asia China
97%
Europe United Kingdom
97%
North America Canada
93%
Asia South Korea
91%
Asia Japan
90%
Europe Germany
89%
Europe Italy
89%
Europe France
87%
Asia India
81%
Asia Saudi Arabia
79%
South America Argentina
78%
Asia North Korea
78%
Europe Poland
71%
Asia Israel
70%
Africa Egypt
69%
Europe Ireland
69%
Oceania New Zealand
69%
Europe Switzerland
67%
Europe Netherlands
65%
Asia United Arab Emirates
65%
Europe Belgium
63%
Asia Qatar
61%
Asia Iraq
58%
Asia Vietnam
54%
Europe Finland
51%
Asia Singapore
49%
Asia Malaysia
48%
Asia the Philippines
48%
Europe Vatican City
48%
Asia Afghanistan
40%
No matching quizzes found
Score Distribution
Percent of People with Each Score
Percentile by Number Answered
Your Score History
You have not taken this quiz since the last reset